000 00553nam a2200205Ia 4500
008 170918s9999 xx 000 0 und d
020 _a9780545198165
050 _bR896 2009
100 _aRubin, Susan Goldman
245 4 _aThe Anne Frank case :
245 _bSimon Wiesenthal's search for the truth /
245 _cSusan Goldman Rubin ; illustrated by Bill Farnsworth.
260 _aNew York :
260 _bScholastic,
260 _c2009
300 _a40 pages :
300 _bcolored illustration ;
300 _c28cm.
500 _a910
999 _c342428
_d342428